00807nam a2200241 a 450000100060000000300080000600500170001400800410003103500200007204000320009204100080012408200250013210000210015724500650017826000460024330000280028949000260031750000690034350400360041265100410044871000500048983000260053941524BD-RjUL20211209053415.0160601s1962 us b 001 0 eng d a(BD-RjUL) 41642 aDLCcDLCdm.cdBD-RjULbeng aeng a354.56223bHAG 19621 aHarari, Maurice.10aGovernment and politics of the Middle East /cMaurice Harari aEnglewood Cliffs :bPrentice-Hall,cc1962 a179 p. :bill. ;c21 cm aSpectrum book ;vS-41 aAt head of cover: "American Association for Middle East Studies" aIncludes bibliography and index 0aMiddle EastxPolitics and government2 aAmerican Association for Middle East Studies. 0aSpectrum book ;vS-41